Selected nuclear magnetic resonance spectral data /
Guardado en:
| Autor Corporativo: | |
|---|---|
| Formato: | Libro |
| Idioma: | English |
| Publicado: |
College Station, Texas :
Thermocynamics Research Center, Texas A & M University,
1959-
|
| Materias: | |
| Etiquetas: |
Agregar Etiqueta
Sin Etiquetas, Sea el primero en etiquetar este registro!
|
| LEADER | 01355nam a22002655a 4500 | ||
|---|---|---|---|
| 001 | EIQ.libpla001957 | ||
| 008 | 070314s1974####xx#a##########001#0#eng#d | ||
| 005 | 20071227170801.0 | ||
| 245 | 0 | 0 | |a Selected nuclear magnetic resonance spectral data / |c Thermodynamics Research Center Data Project. |
| 260 | |a College Station, Texas : |b Thermocynamics Research Center, Texas A & M University, |c 1959- | ||
| 300 | |a v. (hoja sustituible) : |b il., tablas ; |c 30 cm. | ||
| 500 | |a Continuado por suplementos. | ||
| 500 | |a Incluye índices. | ||
| 710 | 2 | |a Texas Engineering Experiment Station. |b Thermodynamics Research Center. |b Data project. | |
| 246 | 1 | |a TRC spectral data | |
| 650 | 4 | |a Espectroscopía nuclear |x Tablas. | |
| 650 | 4 | |a Nuclear spectroscopy |x Tables. | |
| 040 | |a AR-BbSID |b spa |c AR-BbSID | ||
| 859 | |a AR-BbSID |b BIB. PLAPIQUI |h 541.369 |i Se 48nm |k R |p 4961 |v Vol. 1 |3 Vol. 1 | ||
| 859 | |a AR-BbSID |b BIB. PLAPIQUI |h 541.369 |i Se 48nm |k R |p 4965 |v Vol. 1a |3 Vol. 1a | ||
| 859 | |a AR-BbSID |b BIB. PLAPIQUI |h 541.369 |i Se 48nm |k R |p 4967 |v Vol. 1b |3 Vol. 1b | ||
| 859 | |a AR-BbSID |b BIB. PLAPIQUI |h 541.369 |i Se 48nm |k R |p 4962 |v Vol. 2 |3 Vol. 2 | ||
| 859 | |a AR-BbSID |b BIB. PLAPIQUI |h 541.369 |i Se 48nm |k R |p 4963 |v Vol. 3 |3 Vol. 3 | ||
| 859 | |a AR-BbSID |b BIB. PLAPIQUI |h 541.369 |i Se 48nm |k R |p 4964 |v Vol. 4 |3 Vol. 4 | ||
| 859 | |a AR-BbSID |b BIB. PLAPIQUI |h 541.369 |i Se 48nm |k R |p 4966 |v vol. 2a |3 vol. 2a | ||
